Performance indicators for the road sector report prepared by an OECD scientific expert group

Na minha lista:
Detalhes bibliográficos
Formato: Livro
Idioma:inglês
Publicado em: Paris OECD 1997
Colecção:Road transport research
Assuntos:
Tags: Adicionar Tag
Sem tags, seja o primeiro a adicionar uma tag!

MARC

LEADER 00000nam a2200000 4500
001 c120061
005 20221124074840.5
020 |a 92-64-15586-4 
041 0 |a eng 
044 |a FR 
245 1 0 |a Performance indicators for the road sector  |b report prepared by an OECD scientific expert group 
264 1 |a Paris  |b OECD  |c 1997 
300 |a 164 s. 
490 1 |a Road transport research 
830 0 |a Road transport research 
610 2 0 |a doprava 
610 2 0 |a doprava cestná 
610 2 0 |a OECD